000 00198nam a2200097Ia 4500
008 240331s9999 xx 000 0 und d
082 _bGUR
100 _aGurunathan,R
245 0 _aPenniyam
942 _cL
999 _c1657
_d1657